[Event "Giraldilla de La Habana op"]
[Site "Havana"]
[Date "2018.07.28"]
[Round "2"]
[White "Suarez Medina, Luis Antonio"]
[Black "Alonso Garcia, Frank Obel"]
[Result "0-1"]
[WhiteElo "2008"]
[BlackElo "1773"]
[PlyCount "70"]
[EventDate "2018.07.28"]
[EventType "swiss"]
[EventRounds "9"]
[EventCountry "CUB"]
[SourceTitle "EXT 2021"]
[Source "ChessBase"]
[SourceDate "2020.10.23"]
[SourceVersion "1"]
[SourceVersionDate "2020.10.23"]
[SourceQuality "1"]

1. d4 d5 2. Nf3 Nf6 3. c4 e6 4. Nc3 Be7 5. Bf4 c6 6. e3 0-0 7. h3 Qa5 8. c5 b6 9. cxb6 axb6 10. Bd3 Nbd7 11. 0-0 Ba6 12. a3 Bxd3 13. Qxd3 c5 14. Rfc1 c4 15. Qe2 b5 16. Rab1 b4 17. axb4 Bxb4 18. Nd2 Ra6 19. e4 Rfa8 20. e5 Ne8 21. Qg4 Nf8 22. h4 Kh8 23. Nf3 Be7 24. Bg5 Qd8 25. b3 cxb3 26. Rxb3 h6 27. Be3 Ra3 28. Rxa3 Rxa3 29. Ne2 Ng6 30. g3 Bf8 31. Qh5 Rd3 32. Nf4 Nxf4 33. Bxf4 Kg8 34. Qg4 Kh8 35. Ne1 Rxd4 0-1

[Event "Portela Memorial tt"]
[Site "Havana"]
[Date "2018.07.23"]
[Round "8.1"]
[White "Alonso Garcia, Frank Obel"]
[Black "Gonzalez Gomez, Ariel"]
[Result "1-0"]
[WhiteElo "1773"]
[BlackElo "1745"]
[PlyCount "87"]
[EventDate "2018.07.16"]
[EventType "team-tourn"]
[EventRounds "9"]
[EventCountry "CUB"]
[SourceTitle "EXT 2021"]
[Source "ChessBase"]
[SourceDate "2020.10.23"]
[SourceVersion "1"]
[SourceVersionDate "2020.10.23"]
[SourceQuality "1"]

1. e4 e6 2. d4 d5 3. e5 c5 4. c3 Nc6 5. Nf3 Bd7 6. Be2 Nge7 7. 0-0 Nf5 8. Na3 cxd4 9. cxd4 Qb6 10. Nc2 Nb4 11. Nxb4 Bxb4 12. a3 Be7 13. b4 0-0 14. Bb2 Rfc8 15. Qd2 Rc7 16. Rac1 Rac8 17. Rc3 Rxc3 18. Bxc3 Bb5 19. Bxb5 Qxb5 20. Rc1 Rc4 21. h3 Qc6 22. Bb2 b5 23. g4 Nh6 24. Rc3 Kf8 25. Qd3 g6 26. Nd2 Rxc3 27. Qxc3 Qxc3 28. Bxc3 Ng8 29. f4 Bd8 30. Nb3 Ne7 31. Nc5 Ke8 32. a4 bxa4 33. Nxa4 Nc8 34. Kf2 Nb6 35. Nxb6 Bxb6 36. Kf3 a6 37. f5 Kd7 38. Kf4 Bd8 39. f6 h6 40. h4 Kc6 41. Ke3 Kb5 42. Kd3 Ka4 43. h5 Kb3 44. Bd2 1-0

[Event "Portela Memorial tt"]
[Site "Havana"]
[Date "2018.07.22"]
[Round "6.1"]
[White "Alonso Garcia, Frank Obel"]
[Black "Garcia Aguilera, Yadil"]
[Result "1-0"]
[WhiteElo "1773"]
[BlackElo "1779"]
[PlyCount "73"]
[EventDate "2018.07.16"]
[EventType "team-tourn"]
[EventRounds "9"]
[EventCountry "CUB"]
[SourceTitle "EXT 2021"]
[Source "ChessBase"]
[SourceDate "2020.10.23"]
[SourceVersion "1"]
[SourceVersionDate "2020.10.23"]
[SourceQuality "1"]

1. e4 c5 2. Nc3 Nc6 3. g3 d6 4. Bg2 Nf6 5. d3 e6 6. f4 Be7 7. Nf3 0-0 8. 0-0 Qc7 9. h3 a6 10. Ne2 b5 11. g4 h6 12. f5 exf5 13. exf5 Bb7 14. Bd2 Rad8 15. Qe1 b4 16. Qg3 Rfe8 17. h4 Nh7 18. Rae1 Ne5 19. g5 Nxf3+ 20. Bxf3 hxg5 21. hxg5 Bxf3 22. Rxf3 Qb7 23. Kf2 d5 24. Rh1 Bxg5 25. Bxg5 Nxg5 26. Qxg5 f6 27. Qg6 Qf7 28. Nf4 Qxg6 29. Nxg6 c4 30. Rh8+ Kf7 31. Rxe8 Kxe8 32. Re3+ Kf7 33. Re7+ Kg8 34. d4 Kh7 35. Kg3 Kh6 36. Kg4 Ra8 37. Re3 1-0

[Event "Portela Memorial tt"]
[Site "Havana"]
[Date "2018.07.20"]
[Round "4.1"]
[White "Alonso Garcia, Frank Obel"]
[Black "Perez Perez, Fidel"]
[Result "1-0"]
[WhiteElo "1773"]
[BlackElo "1770"]
[PlyCount "101"]
[EventDate "2018.07.16"]
[EventType "team-tourn"]
[EventRounds "9"]
[EventCountry "CUB"]
[SourceTitle "EXT 2021"]
[Source "ChessBase"]
[SourceDate "2020.10.23"]
[SourceVersion "1"]
[SourceVersionDate "2020.10.23"]
[SourceQuality "1"]

1. e4 e5 2. Nf3 Nc6 3. Bb5 a6 4. Ba4 Nf6 5. Qe2 Be7 6. c3 d6 7. 0-0 b5 8. Bb3 Bg4 9. Rd1 0-0 10. d3 Rb8 11. Nbd2 a5 12. a4 b4 13. Rb1 Kh8 14. Nf1 bxc3 15. bxc3 d5 16. exd5 Nxd5 17. Bxd5 Qxd5 18. Rxb8 Rxb8 19. Ne3 Bxf3 20. Qxf3 Qxf3 21. gxf3 Rb3 22. Nd5 Bd6 23. Re1 h6 24. Kg2 Kh7 25. Re4 Rb1 26. Be3 Rd1 27. Rc4 Rxd3 28. Nxc7 Ne7 29. Nb5 Bb8 30. Bb6 Nd5 31. Bxa5 Nf4+ 32. Kg3 e4 33. Rxe4 Nh5+ 34. Kg2 Nf4+ 35. Kg3 g5 36. Bc7 Bxc7 37. Nxc7 Rxc3 38. Nb5 Rc1 39. h4 Rg1+ 40. Kh2 Rg2+ 41. Kh1 Rxf2 42. hxg5 hxg5 43. Re3 Kg6 44. Ra3 Kh5 45. Nd4 Kh4 46. Nf5+ Kh3 47. Kg1 Rd2 48. a5 Rd5 49. a6 Rd8 50. a7 Ra8 51. Ra2 1-0

[Event "Portela Memorial tt"]
[Site "Havana"]
[Date "2018.07.16"]
[Round "1.1"]
[White "Hernandez Meilan, Manuel"]
[Black "Alonso Garcia, Frank Obel"]
[Result "1-0"]
[WhiteElo "1825"]
[BlackElo "1773"]
[PlyCount "139"]
[EventDate "2018.07.16"]
[EventType "team-tourn"]
[EventRounds "9"]
[EventCountry "CUB"]
[SourceTitle "EXT 2021"]
[Source "ChessBase"]
[SourceDate "2020.10.23"]
[SourceVersion "1"]
[SourceVersionDate "2020.10.23"]
[SourceQuality "1"]

1. e4 e5 2. Nf3 Nc6 3. Bb5 a6 4. Ba4 Nf6 5. 0-0 Be7 6. Re1 b5 7. Bb3 d6 8. c3 0-0 9. d4 Bb7 10. Nbd2 Re8 11. Nf1 Bf8 12. Ng5 Re7 13. Ng3 h6 14. Nf3 g6 15. Nh4 Kh7 16. a4 Bg7 17. d5 Nb8 18. Be3 Re8 19. Nf3 Qd7 20. a5 Qe7 21. Qd2 Ng4 22. h3 Nxe3 23. Qxe3 Nd7 24. Bc2 Rg8 25. h4 Nf6 26. b4 Raf8 27. Qa7 Bc8 28. Ra3 Ng4 29. c4 bxc4 30. Rc3 f5 31. Rxc4 Rf7 32. exf5 gxf5 33. Rxg4 e4 34. Rxg7+ Rfxg7 35. Qd4 Qf7 36. Nh2 Kh8 37. Ne2 Kh7 38. g3 Qh5 39. Kf1 Bd7 40. Bb3 Bb5 41. Bc4 Bxc4 42. Qxc4 Qf7 43. Nf4 Rb8 44. Re3 Rgg8 45. Ne6 Rb7 46. Nd4 f4 47. Rxe4 fxg3 48. Nhf3 g2+ 49. Kg1 Qg6 50. Re7+ Kh8 51. Nc2 Qf6 52. Qe4 Qg6 53. Qd4+ Rg7 54. h5 Qg4 55. Qf6 Kh7 56. Rxg7+ Qxg7 57. Qf5+ Kg8 58. Qc8+ Qf8 59. Qxb7 Qxf3 60. Qc8+ Kf7 61. Qe6+ Kf8 62. Ne3 Qxh5 63. Qf5+ Qxf5 64. Nxf5 h5 65. Kxg2 Kf7 66. Kf3 Kf6 67. Kf4 h4 68. Nxh4 Ke7 69. Nf5+ Kd7 70. Nd4 1-0

[Event "Maria Teresa Mora Memorial op"]
[Site "Havana"]
[Date "2018.03.08"]
[Round "2"]
[White "Alonso Garcia, Frank Obel"]
[Black "Bacerio Arruza, Alejandro"]
[Result "0-1"]
[WhiteElo "1801"]
[BlackElo "2059"]
[PlyCount "82"]
[EventDate "2018.03.08"]
[EventType "swiss"]
[EventRounds "9"]
[EventCountry "CUB"]
[SourceTitle "EXT 2021"]
[Source "ChessBase"]
[SourceDate "2020.10.23"]
[SourceVersion "1"]
[SourceVersionDate "2020.10.23"]
[SourceQuality "1"]

1. e4 d6 2. d4 Nf6 3. Nc3 Nbd7 4. f4 e5 5. Nf3 exd4 6. Nxd4 c6 7. Bd3 Qb6 8. Nf3 Be7 9. Qe2 Nc5 10. Rb1 0-0 11. h3 Re8 12. Be3 a5 13. 0-0 Nfd7 14. e5 Qc7 15. Bd4 Nxd3 16. Qxd3 dxe5 17. Nxe5 b6 18. Qc4 Nxe5 19. Bxe5 Ba6 20. Qxa6 Qxe5 21. Qd3 Bc5+ 22. Kh1 Qh5 23. Rbe1 h6 24. f5 Qh4 25. Re4 Rxe4 26. Nxe4 Rd8 27. Qf3 Bd4 28. c3 Re8 29. cxd4 Qxe4 30. Qf2 Rd8 31. Rc1 Rxd4 32. f6 g5 33. Re1 Qd3 34. g3 Re4 35. Kh2 Rxe1 36. Qxe1 Qd5 37. Qe8+ Kh7 38. Qe7 Kg6 39. g4 Qd2+ 40. Kh1 Qc1+ 41. Kg2 Qxb2+ 0-1

[Event "Descubriendo un Capablanca tt"]
[Site "Havana"]
[Date "2018.??.??"]
[Round "5.3"]
[White "Alonso Garcia, Frank Obel"]
[Black "Martinez Herrera, Alexis"]
[Result "0-1"]
[WhiteElo "1773"]
[BlackElo "1874"]
[PlyCount "58"]
[EventDate "2018.07.02"]
[EventType "team-tourn"]
[EventRounds "10"]
[EventCountry "CUB"]
[SourceTitle "EXT 2021"]
[Source "ChessBase"]
[SourceDate "2020.10.23"]
[SourceVersion "1"]
[SourceVersionDate "2020.10.23"]
[SourceQuality "1"]

1. e4 g6 2. Nc3 Bg7 3. g3 c6 4. Bg2 e6 5. d4 Qb6 6. Nf3 d5 7. e5 c5 8. dxc5 Qxc5 9. Be3 Qb4 10. Rb1 a6 11. 0-0 Nc6 12. a3 Qa5 13. Bd4 Nge7 14. Re1 Nxd4 15. Nxd4 Bd7 16. Qd2 Rc8 17. Rbd1 0-0 18. Nxd5 Qd8 19. Nxe7+ Qxe7 20. Nb3 Ba4 21. Qa5 Bxb3 22. cxb3 Rc5 23. Qb4 Qc7 24. f4 Rb5 25. Qa4 Qc2 26. Qc4 Qxb2 27. a4 Rxb3 28. Rb1 Qxb1 29. Rxb1 Rxb1+ 0-1

[Event "Descubriendo un Capablanca tt"]
[Site "Havana"]
[Date "2018.??.??"]
[Round "9.1"]
[White "Alonso Garcia, Frank Obel"]
[Black "Otero Marino, Alain"]
[Result "0-1"]
[WhiteElo "1773"]
[BlackElo "1953"]
[PlyCount "48"]
[EventDate "2018.07.02"]
[EventType "team-tourn"]
[EventRounds "10"]
[EventCountry "CUB"]
[SourceTitle "EXT 2021"]
[Source "ChessBase"]
[SourceDate "2020.10.23"]
[SourceVersion "1"]
[SourceVersionDate "2020.10.23"]
[SourceQuality "1"]

1. e4 e5 2. Nf3 Nc6 3. Bb5 Nf6 4. Qe2 Bc5 5. c3 Qe7 6. 0-0 0-0 7. d3 d6 8. Nbd2 Bb6 9. h3 Nd8 10. Rd1 Ne6 11. Nf1 Nh5 12. d4 Nef4 13. Bxf4 Nxf4 14. Qe3 Qf6 15. Ng3 g6 16. Bf1 Re8 17. Ne2 Nxe2+ 18. Bxe2 exd4 19. cxd4 Bf5 20. Bd3 d5 21. Bc2 dxe4 22. Ne5 Bxd4 23. Qxd4 Qxe5 24. Qxe5 Rxe5 0-1

[Event "Maria Teresa Mora Memorial op"]
[Site "Havana"]
[Date "2018.??.??"]
[Round "7"]
[White "Alonso Garcia, Frank Obel"]
[Black "Perez Coyula, Rafael Alcides"]
[Result "0-1"]
[WhiteElo "1801"]
[BlackElo "2050"]
[PlyCount "62"]
[EventDate "2018.03.08"]
[EventType "swiss"]
[EventRounds "9"]
[EventCountry "CUB"]
[SourceTitle "EXT 2021"]
[Source "ChessBase"]
[SourceDate "2020.10.23"]
[SourceVersion "1"]
[SourceVersionDate "2020.10.23"]
[SourceQuality "1"]

1. e4 e5 2. Nf3 Nc6 3. Bb5 a6 4. Ba4 Nf6 5. Qe2 b5 6. Bb3 Bc5 7. c3 0-0 8. 0-0 d6 9. d3 h6 10. Rd1 Bb6 11. Nbd2 Ng4 12. Rf1 Kh8 13. h3 f5 14. exf5 Nxf2 15. Rxf2 Bxf5 16. Bd5 Qd7 17. Ne4 Bxf2+ 18. Qxf2 Rae8 19. Be3 Ne7 20. Bb3 Ng6 21. Qe2 d5 22. Nc5 Qd6 23. Qd2 Bxh3 24. Rf1 Bg4 25. d4 Bxf3 26. Rxf3 Rxf3 27. gxf3 exd4 28. Bxd4 Qg3+ 29. Kf1 Nf4 30. Be3 Qh3+ 31. Kg1 Rxe3 0-1

[Event "Descubriendo un Capablanca tt"]
[Site "Havana"]
[Date "2018.??.??"]
[Round "2.2"]
[White "Alonso Garcia, Frank Obel"]
[Black "Perez Marin, Olivia"]
[Result "0-1"]
[WhiteElo "1773"]
[BlackElo "1749"]
[PlyCount "90"]
[EventDate "2018.07.02"]
[EventType "team-tourn"]
[EventRounds "10"]
[EventCountry "CUB"]
[SourceTitle "EXT 2021"]
[Source "ChessBase"]
[SourceDate "2020.10.23"]
[SourceVersion "1"]
[SourceVersionDate "2020.10.23"]
[SourceQuality "1"]

1. e4 e6 2. d4 d5 3. e5 c5 4. c3 Nc6 5. Nf3 Qb6 6. a3 Nh6 7. b4 cxd4 8. cxd4 Nf5 9. Bb2 Bd7 10. Be2 Be7 11. 0-0 h5 12. b5 Na5 13. Nc3 Rc8 14. Na4 Qd8 15. Rc1 0-0 16. Nc5 Be8 17. Nd2 Bg5 18. Rc2 Qb6 19. a4 Be7 20. Ndb3 Nxb3 21. Nxb3 Rxc2 22. Qxc2 f6 23. Bc3 Qc7 24. Qd2 a6 25. Rc1 fxe5 26. Ba5 Qd6 27. Bc7 Qa3 28. Nc5 Nxd4 29. Nd3 Nb3 30. Qd1 Nxc1 31. Nxc1 axb5 32. axb5 Qc5 33. Bxe5 Qxf2+ 34. Kh1 Qc5 35. Nb3 Qe3 36. Bd4 Qe4 37. Bd3 Qf4 38. Qe2 Bd7 39. Qxh5 Qh4 40. Bh7+ Kh8 41. Qxh4 Bxh4 42. Bd3 Bf6 43. Bc5 Rc8 44. Bb6 Rc3 45. Bc5 Rc1+ 0-1

[Event "Maria Teresa Mora Memorial op"]
[Site "Havana"]
[Date "2018.??.??"]
[Round "9"]
[White "Alonso Garcia, Frank Obel"]
[Black "Perez Marin, Olivia"]
[Result "1/2-1/2"]
[WhiteElo "1801"]
[BlackElo "1831"]
[PlyCount "88"]
[EventDate "2018.03.08"]
[EventType "swiss"]
[EventRounds "9"]
[EventCountry "CUB"]
[SourceTitle "EXT 2021"]
[Source "ChessBase"]
[SourceDate "2020.10.23"]
[SourceVersion "1"]
[SourceVersionDate "2020.10.23"]
[SourceQuality "1"]

1. e4 e6 2. d4 d5 3. e5 c5 4. c3 Nc6 5. Nf3 Qb6 6. a3 cxd4 7. cxd4 a5 8. Be2 Bd7 9. 0-0 Nh6 10. b3 Nf5 11. Bb2 Be7 12. Qd3 0-0 13. h3 Na7 14. a4 Nc6 15. g4 Nb4 16. Qd2 Nh4 17. Nxh4 Bxh4 18. Na3 f6 19. Bb5 Bxb5 20. Nxb5 fxe5 21. dxe5 Rf3 22. Bd4 Qd8 23. Kg2 Rxb3 24. Bc3 Rc8 25. Rac1 Qg5 26. Qd1 Na2 27. Qxb3 Nxc1 28. Qc2 Rc4 29. Qxc1 Rxg4+ 30. hxg4 Qxg4+ 31. Kh2 Bg5 32. f4 Qh4+ 33. Kg2 Qg4+ 34. Kf2 Bxf4 35. Qc2 Qh3 36. Ke1 Bg3+ 37. Rf2 Qh1+ 38. Ke2 Bxf2 39. Bd2 Qh5+ 40. Kxf2 Qh4+ 41. Ke2 Qg4+ 42. Kd3 Qe4+ 43. Kc3 Qb4+ 44. Kd3 Qe4+ 1/2-1/2

[Event "Maria Teresa Mora Memorial op"]
[Site "Havana"]
[Date "2018.??.??"]
[Round "6"]
[White "Corujedo Hernandez, Rafael"]
[Black "Alonso Garcia, Frank Obel"]
[Result "0-1"]
[WhiteElo "1851"]
[BlackElo "1801"]
[PlyCount "90"]
[EventDate "2018.03.08"]
[EventType "swiss"]
[EventRounds "9"]
[EventCountry "CUB"]
[SourceTitle "EXT 2021"]
[Source "ChessBase"]
[SourceDate "2020.10.23"]
[SourceVersion "1"]
[SourceVersionDate "2020.10.23"]
[SourceQuality "1"]

1. e4 e5 2. Nf3 Nc6 3. Bc4 Bc5 4. c3 Nf6 5. d3 d6 6. Bb3 a6 7. 0-0 Ba7 8. Nbd2 0-0 9. h3 Ne7 10. Re1 Ng6 11. Nf1 Nh5 12. Bg5 Nf6 13. Be3 h6 14. Bxa7 Rxa7 15. d4 Qe7 16. Ng3 Ra8 17. Nf5 Qd8 18. Qd2 Nf4 19. Rad1 Nxe4 20. Rxe4 Bxf5 21. Ree1 Nd3 22. dxe5 Nxe1 23. Qxe1 Qe7 24. Nd4 Bd7 25. exd6 Qxe1+ 26. Rxe1 cxd6 27. Re7 Bc6 28. Nf5 Rae8 29. Rc7 Re1+ 30. Kh2 Re2 31. Ne7+ Kh8 32. Nxc6 bxc6 33. Rxc6 Rxf2 34. Rxa6 Rd2 35. Ra7 f5 36. Re7 Rxb2 37. Bd5 f4 38. Bf3 Rxa2 39. Re4 g5 40. Re6 Rd8 41. Rxh6+ Kg7 42. Re6 Rc8 43. Rxd6 Rxc3 44. Kg1 Rc1+ 45. Kh2 Raa1 0-1

[Event "Maria Teresa Mora Memorial op"]
[Site "Havana"]
[Date "2018.??.??"]
[Round "3"]
[White "Mendoza Perez, Brayan"]
[Black "Alonso Garcia, Frank Obel"]
[Result "1-0"]
[WhiteElo "1989"]
[BlackElo "1801"]
[PlyCount "41"]
[EventDate "2018.03.08"]
[EventType "swiss"]
[EventRounds "9"]
[EventCountry "CUB"]
[SourceTitle "EXT 2021"]
[Source "ChessBase"]
[SourceDate "2020.10.23"]
[SourceVersion "1"]
[SourceVersionDate "2020.10.23"]
[SourceQuality "1"]

1. e4 e5 2. Nf3 Nc6 3. Nc3 Nf6 4. a3 d6 5. d4 Bg4 6. dxe5 Nxe5 7. Be2 Nxf3+ 8. gxf3 Be6 9. Be3 h6 10. Rg1 Qd7 11. Qd2 a6 12. f4 Qc6 13. f5 Bd7 14. f3 0-0-0 15. 0-0-0 b5 16. Na2 Qb7 17. Qa5 c5 18. c4 Rg8 19. Nc3 b4 20. axb4 cxb4 21. c5 1-0

[Event "Descubriendo un Capablanca tt"]
[Site "Havana"]
[Date "2018.??.??"]
[Round "7.2"]
[White "Perez Marin, Olivia"]
[Black "Alonso Garcia, Frank Obel"]
[Result "1-0"]
[WhiteElo "1749"]
[BlackElo "1773"]
[PlyCount "67"]
[EventDate "2018.07.02"]
[EventType "team-tourn"]
[EventRounds "10"]
[EventCountry "CUB"]
[SourceTitle "EXT 2021"]
[Source "ChessBase"]
[SourceDate "2020.10.23"]
[SourceVersion "1"]
[SourceVersionDate "2020.10.23"]
[SourceQuality "1"]

1. e4 e5 2. Bc4 Nf6 3. Nc3 Bc5 4. h3 0-0 5. Nge2 c6 6. d3 d5 7. exd5 cxd5 8. Bb3 Be6 9. Bg5 Be7 10. d4 exd4 11. Nxd4 Nc6 12. 0-0 Qd7 13. Qd2 Rad8 14. Rad1 h6 15. Bh4 Nh5 16. Qe2 Bxh4 17. Qxh5 Nxd4 18. Rxd4 Bf6 19. Rd3 Bxc3 20. bxc3 Qc6 21. Rfd1 Rd7 22. f4 d4 23. cxd4 Bxb3 24. cxb3 Rfd8 25. Kh1 Qe4 26. Qe5 Qg6 27. d5 Kf8 28. d6 Re8 29. Qb5 Re2 30. Rg1 Qe6 31. f5 Qe8 32. Qb4 Kg8 33. Rc1 Qe5 34. Qg4 1-0